00307pab a2200121 454500008004000000100002300040245004300063260000900106300001100115362000800126650002200134773002900156180718b1984 xxu||||| |||| 00| 0 eng d aHulten, Charles R. aTax policy and the investment decision c1984 a236-41 aMay aTaxation - U.S.A. aAmerican Economic Review